000 00739nam a2200193Ia 4500
008 151121s9999||||xx |||||||||||||| ||und||
082 _a796।358/पंडित
082 _bHNW-44045
100 _aपंडित बाळ ज।-अनु।
245 _aटेड डेक्स्टर डिक्लेअर्स
260 _b"राजस प्रकाशन, पुणे"
260 _c--
300 _a174
600 _aपंडित बाळ ज।-अनु।
630 _aटेड डेक्स्टर डिक्लेअर्स
700 _aपंडित बाळ ज।-अनु।
730 _aटेड डेक्स्टर डिक्लेअर्स
942 _cBOOK
999 _c1231895
_d1231892